Famous Kims - Statistics

General Stats
  • This quiz has been taken 65 times
  • The average score is 5 of 17
Answer Stats
Hint Answer % Correct
A reality TV star that people 'keep up' with Kim Kardashian
93%
Current dictator of North Korea Kim Jong-Un
69%
Dictator of North Korea from 1994-2011 Kim Jong-Il
59%
Stage name of rapper Kimberly Denise Jones Lil' Kim
44%
Cheerleader by day, crime fighter by night, friend of Ron Stoppable Kim Possible
38%
Star of "Never say never again" whose surname many pronounce differently Kim Basinger
36%
The founder of North Korea Kim Il-Sung
36%
English singer, topped the US charts in 1987 with her version of "You Keep Me Hangin' On" Kim Wilde
33%
Famous English-Canadian actor, who made her debut in the film "Rosebud" Kim Cattrall
23%
Star of "The Man With the Golden Arm" & "Picnic" Kim Novak
18%
8th president of South Korea Kim Dae-jung
16%
Kentucky county clerk who who refused to give marriage licenses Kim Davis
11%
Famous Belgian tennis player Kim Clijsters
10%
Played Regine in the sitcom Living Single Kim Fields
10%
First woman prime minister of Canada Kim Campbell
8%
Vocalist of the alternative rock band Sonic Youth Kim Gordon
8%
Founder of Megaupload, known as 'Kimble' Kim Dotcom
2%
No matching quizzes found
Score Distribution
Percent of People with Each Score
Percentile by Number Answered
Your Score History
You have not taken this quiz